NHL Hockey Playoff Goal Leaders by Team - Statistics

General Stats
  • This quiz has been taken 399 times
    326 since last reset
  • The average score is 15 of 34
Answer Stats
Team Goals Player % Correct
Pittsburgh Penguins 76 Mario Lemieux
84%
Washington Capitals 72 Alex Ovechkin
81%
Colorado Avalanche 84 Joe Sakic
75%
Chicago Blackhawks 62 Bobby Hull
72%
St. Louis Blues 67 Brett Hull
72%
Detroit Red Wings 70 Steve Yzerman
70%
Dallas Stars 58 Mike Modano
69%
Montreal Canadiens 82 Maurice Richard
67%
New York Islanders 85 Mike Bossy
64%
Anaheim Ducks 37 Ryan Getzlaf
63%
Edmonton Oilers 92 Jari Kurri
62%
Ottawa Senators 51 Daniel Alfredsson
57%
San Jose Sharks 68 Patrick Marleau
55%
Tampa Bay Lightning 53 Nikita Kucherov
52%
Vancouver Canucks 34 Pavel Bure
52%
Vegas Golden Knights 34 Jonathan Marchessault
48%
Toronto Maple Leafs 34 Wendel Clark
48%
Nashville Predators 29 Filip Forsberg
47%
Los Angeles Kings 41 Luc Robitaille
45%
Arizona Coyotes 19 Keith Tkachuk
43%
New Jersey Devils 45 Patrick Elias
43%
Buffalo Sabres 33 Gilbert Perreault
30%
Carolina Hurricanes 23 Sebastian Aho
29%
Boston Bruins 55 Cam Neely
27%
Seattle Kraken 6 Jordan Eberle
27%
Winnipeg Jets 19 Mark Scheifele
27%
Vancouver Canucks 34 Trevor Linden
24%
Minnesota Wild 16 Zach Parise
22%
Philadelphia Flyers 53 Bill Barber
18%
Columbus Blue Jackets 10 Cam Atkinson
14%
New York Rangers 40 Chris Kreider
13%
Calgary Flames 35 Joe Mullen
9%
Florida Panthers 15 Carter Verhaeghe
7%
Philadelphia Flyers 53 Rick MacLeish
7%
No matching quizzes found
Score Distribution
Percent of People with Each Score
Percentile by Number Answered
Your Score History
You have not taken this quiz since the last reset